Sacharidy /

Hlavní autor: Černý, Miloslav, 1929-
Další autoři: Trnka, Tomáš, 1944-, Buděšínský, Miloš, 1944-, McNaught, Alan D., Kefurt, Karel, 1936-
Jazyk: Čeština
Vydáno: Praha : Česká společnost chemická, 2016
Vydání: 2. vydání
Edice: Chemické listy
Témata:
Fyzický popis: 319 stran : ilustrace ; 27 cm
Knihy
Uloženo v:
LEADER 02542nam a2200613 i 4500
001 nkc20162856282
003 CZ PrNK
005 20251205134501.0
007 ta
008 161115s2016 xr a e p 001 0 cze
015 |a cnb002856282 
020 |a 978-80-86238-92-0  |q (brožováno) :  |c Kč 350,00 
035 |a (OCoLC)987024443 
040 |a BOA001  |b cze  |d ABA001  |e rda 
041 1 |a cze  |h eng 
072 7 |a 547  |x Organická chemie  |2 Konspekt  |9 10 
072 7 |a 37.016  |x Učební osnovy. Vyučovací předměty. Učebnice  |2 Konspekt  |9 22 
080 |a 547.454  |2 MRF 
080 |a 577.114  |2 MRF 
080 |a 54:001.4  |2 MRF 
080 |a (075)  |2 MRF 
100 1 |a Černý, Miloslav,  |d 1929-  |7 jk01021604  |4 aut 
245 1 0 |a Sacharidy /  |c Miloslav Černý, Tomáš Trnka, Miloš Buděšínský 
250 |a 2. vydání 
264 1 |a Praha :  |b Česká společnost chemická,  |c 2016 
300 |a 319 stran :  |b ilustrace ;  |c 27 cm 
336 |a text  |b txt  |2 rdacontent 
337 |a bez média  |b n  |2 rdamedia 
338 |a svazek  |b nc  |2 rdacarrier 
490 1 |a Chemické listy 
500 |a Částečně přeloženo z angličtiny 
500 |a "2. přepracované vydání"--Obálka 
504 |a Obsahuje bibliografické odkazy a rejstřík 
505 2 |a Dodatek: Názvosloví sacharidů (doporučení IUPAC 1996) / originál připravili A.D. McNaught (v tištěné formě) a G.P. Moss (ve verzi pro www) ; český překlad Miloslav Černý a Karel Kefurt 
650 0 7 |a sacharidy  |7 ph125399  |2 czenas 
650 0 7 |a chemické názvosloví  |7 ph119148  |2 czenas 
650 0 9 |a carbohydrates  |2 eczenas 
650 0 9 |a chemical nomenclature  |2 eczenas 
655 7 |a učebnice  |7 fd133770  |2 czenas 
655 9 |a textbooks  |2 eczenas 
700 1 |a Trnka, Tomáš,  |d 1944-  |7 jn20000402393  |4 aut 
700 1 |a Buděšínský, Miloš,  |d 1944-  |7 jn20010309100  |4 aut 
700 1 |a McNaught, Alan D.  |7 utb2011618108  |4 aut 
700 1 |a Černý, Miloslav,  |d 1929-  |7 jk01021604  |4 trl 
700 1 |a Kefurt, Karel,  |d 1936-  |7 pna2017954824  |4 trl 
740 0 2 |a Názvosloví sacharidů (doporučení IUPAC 1996) 
830 0 |a Chemické listy  |0 s 
910 2 |a BOA001  |b 3-1384.777 
990 |a BK 
995 |a 01 
991 |b 201704  |c NOV 
996 6 |b 2610704888  |c 3-1384.777  |l MZK  |r Sklad / do 1 hodiny  |n 3  |p p.v.  |w 001607524  |u 000010  |a 1  |e BOA001  |j MZK50  |s P 
996 6 |b 2610718457  |c 3-1384.777  |l MZK  |r STM 6p  |n 0  |p kup  |h 547 ČER  |w 001607524  |u 000020  |a 0  |e BOA001  |j MZK50  |s P 
996 7 |b 2610718458  |c 3-1384.777  |l Vol.výběr  |r VV 0p  |n 14  |p kup  |h 547 ČER  |w 001607524  |u 000030  |a 0  |e BOA001  |j MZK50  |s A